1201 1707 1718 1504 1198 1669 1269 1818 1163 1741 1193 1011 1040 1872 1068 1093 1900 1763 1154 1934 1839 1590 1899 1266 1862 1565 1760 1074 1164 1848 1578 1503 1743 1095 1533 1248 1632 1479 1245 1593 1754 1162 1735 1313 1183 1132 1103 1239 1902 1742 1363 1806 1829 1525 1031 1181 1276 1298 1580 1911 1773 1525 1679 1722 1099 1014 1454 1458 1105 1357 1101 1922 1882 1388 1831 1225 1341 1480 1515 1600 1666 1077 1435 1403 1518 1678 1298 1996 1818 1641 1682 1252 1616 1043 1936 1746 1258 1722 1357 BCNSPRNW ULIB Ver.6.0+V

เปลี่ยนเป็นภาษาไทย

Change to English
 แสดงรายละเอียดบรรณานุกรม
  กลับหน้าหลัก

Brief Record : Get Marc (ISO 2709) : E-mail record : QR code < ปิดหน้าต่าง
LEADER : 00000nam 2200000uu 4500
001    13399109106
003     ULIB
008    110322s2550||||th 000 0 tha d
020    9749255526
020    9789749255520
050  4 HD30.2^bบ116ก 2550
100 1  บดินทร์ วิจารณ์
245 10 การจัดการความรู้ สู่ -- ปัญญาปฏิบัติ =^bKnowledgemanagement in action /^cโดย Dipl-ing บดินทร์ วิจารณ์
246 30 การจัดการความรู้ สู่ปัญญาปฏิบัติ
246 30 การจัดการความรู้ สู่...ปัญญาปฏิบัติ
246 31 Knowledge management in action
250    พิมพ์ครั้งที่ 3
260    กรุงเทพฯ :^bเอ็กซ์เปอร์เน็ท,^c2550
300    258, [1] หน้า :^bภาพประกอบ ;^c21 ซม.
650  7 การจัดการองค์การ
650  7 การบริหารองค์ความรู้
650  7 การเรียนรู้องค์การ
945    ^p280^l0^i029892
945    ^p280^l0^i024346
945    ^p280^l0^i029891
995    เกษร
999 ^a ใช้งานได้ทุกระบบ
รายการนี้ยังไม่มีแท็ก
คุณยังไม่ได้ล็อกอิน คุณสามารถมีกิจกรรมร่วมกับเว็บไซต์ได้ แต่ต้องล็อกอินก่อน ::
  ล็อกอิน

รายการสื่อสารสนเทศ

ลำดับที่ ประเภท เลขเรียก/บาร์โค้ด สถานที่ สถานะ
- ไม่พบข้อมูล -

รายการใกล้เคียง
    ผู้แต่ง [บดินทร์ วิจารณ์]

    หัวเรื่อง [การจัดการองค์การ]
    หัวเรื่อง [การบริหารองค์ความรู้]
    หัวเรื่อง [การเรียนรู้องค์การ]

BibComment


ยังไม่เคยถูกคอมเมนท์

คอมเมนท์ทรัพยากรรายการนี้
  คอมเมนท์: การจัดการความรู้ ..


 Copyright 2026. Bcnsprnw @Library